| 000 | 00470nam a2200205Ia 4500 | ||
|---|---|---|---|
| 001 | 13431 | ||
| 003 | GE_BSU | ||
| 008 | 181216s||||||||xx |||||||||||||| ||und|| | ||
| 020 | _a978184396365 | ||
| 040 | _cGE_BSU | ||
| 080 | _a821.111-3 | ||
| 100 | _aCiccone,Christopher | ||
| 245 | _aLife With My Sister Madonna | ||
| 260 | _aLondon | ||
| 260 | _bPocket Books | ||
| 260 | _c2009 | ||
| 300 | _a346p.ill.20cm. | ||
| 653 | _aLife With My Sister Madonna | ||
| 942 | _cBK | ||
| 999 |
_c46591 _d46591 |
||